| Tag |
First Indicator |
Second Indicator |
Subfields |
| LEADER |
00000cam a2200000 4500 |
| 001 |
in00000029497 |
| 005 |
20151007061533.0 |
| 008 |
770906s1960 enk 00000 eng |
| 010 |
|
|
|a 60050730
|
| 035 |
|
|
|a (OCoLC)03244608
|
| 035 |
|
|
|9 AAD2370AM
|
| 040 |
|
|
|a DLC
|c OCP
|d TXA
|d UtOrBLW
|
| 049 |
|
|
|a TXAM
|c [326963]
|
| 050 |
|
0 |
|a SB437
|b .P92
|
| 082 |
0 |
|
|a 635.976
|
| 092 |
|
|
|a 635.976
|b P963g, 1960
|
| 100 |
1 |
|
|a Prockter, Noël J.
|
| 245 |
1 |
0 |
|a Garden hedges /
|c With a chapter on The law relating to trees and hedges, by Robert S. W. Pollard.
|
| 264 |
|
1 |
|a London :
|b W.H. & L. Collingridge;
|a [Hollywood-by-the-Sea] Fla. :
|b Transatlantic Arts,
|c [1960]
|
| 300 |
|
|
|a 144 pages ;
|c 23 cm.
|
| 336 |
|
|
|a text
|b txt
|2 rdacontent
|
| 337 |
|
|
|a unmediated
|b n
|2 rdamedia
|
| 338 |
|
|
|a volume
|b nc
|2 rdacarrier
|
| 500 |
|
|
|a Pub. date: October 17, 1960.
|
| 650 |
|
0 |
|a Hedges.
|
| 650 |
|
0 |
|a Shrubs.
|
| 999 |
|
|
|a MARS
|
| 999 |
f |
f |
|s aa5287d8-dfd5-376d-9c2f-0b2ef3f431b5
|i 13f28359-5a5b-3cbd-b5af-a1d9e618fd08
|t 0
|
| 952 |
f |
f |
|p ric
|a Texas A&M University
|b Rellis Campus
|c Joint Library Facility
|d Remote Storage
|t 0
|e SB437 .P92
|h Library of Congress classification
|i unmediated -- volume
|m A14801087264
|
| 998 |
f |
f |
|a SB437 .P92
|t 0
|l Remote Storage
|